000 01385cam a2200133 4500500
005 20251214001957.0
041 _afre
042 _adc
100 1 0 _aBattistoni-Lemière, Anne
_eauthor
245 0 0 _aTout comprendre à la géopolitique : 1200 concepts pour réussir vos concours et examens
260 _bArmand Colin,
_c2022.
520 _a1200 concepts de géoplitique indispensables à connaître pour décrypter le monde contemporain et pour réussir vos concours et examens.Comprendre notre monde, changeant et confronté à des défis inédits, impose une approche globale: c’est toute l’ambition de la géopolitique qui fait appel à l’histoire, la géographie, la sociologie, l’économie, la dméographie, la science politique.Pour décrypter ce monde complexe, Tout comprendre à la géopolitique met à la dipsosition de tous les étudia,nts suivant un enseignement de géopolitique le la,gage commun dont ils ont impérativement besoin.12 grands enjeux géopolitiques.48 chapitres pour décoder le fonctionnement du monde contemporain.1200 concepts expliqués et éclairés par des exemples actuels, des repères historiques, statistiques ou bibliographiques, et complétés par les grands débats et enjeux qui leur sont associés.
856 4 1 _uhttps://shs.cairn.info/tout-comprendre-a-la-geopolitique--9782200634230?lang=fr&redirect-ssocas=7080
999 _c1566621
_d1566621